[Event "Olympiad Women 2024"]
[Site "Budapest HUN"]
[Date "2024.09.18"]
[Round "7.46"]
[Board "3"]
[White "Saraci, Rinesa"]
[Black "Thorsteinsdottir, Hallgerdur"]
[Result "0-1"]
[WhiteElo "1757"]
[BlackElo "1938"]
[PlyCount "56"]
[EventDate "2024.09.11"]
[WhiteTeam "Kosovo"]
[BlackTeam "Iceland"]
[WhiteTeamCountry "KOS"]
[BlackTeamCountry "ISL"]

1. e4 c6 2. d4 d5 3. Nc3 dxe4 4. Nxe4 Bf5 5. Ng3 Bg6 6. Nf3 Nd7 7. h4 h6 8. Bd3 Bxd3 9. Qxd3 Ngf6 10. Bf4 e6 11. O-O-O a5 ({RR} 11... Be7 12. Kb1 O-O 13. Ne4 Qa5 14. Nxf6+ Nxf6 15. Ne5 Rad8 16. Qg3 Kh8 17. Qb3 Qb6 18. Rd3 Nd5 19. Bc1 Bf6 20. Rhd1 Qxb3 21. axb3 Kg8 22. f4 Nb4 23. R3d2 Rd6 24. g4 Rfd8 25. c3 Na6 26. Rd3 {½-½ Hracek,Z (2600)-Gyimesi,Z (2580) CRO-chT Medulin 2002 (1)}) ({RR} 11... Be7 12. Kb1 O-O 13. Qe2 Qa5 14. Ne5 Rad8 15. Rd3 c5 16. Ra3 Qb6 17. Rb3 Qa5 18. Rxb7 Nxe5 19. Bxe5 Rd7 20. Rb5 Qa6 21. c3 Rb7 22. Rxb7 Qxb7 23. Bxf6 Bxf6 24. Ne4 cxd4 25. Nxf6+ gxf6 26. Qg4+ {1-0 Kovanova,B (2316)-Shenker,A (1903) 20th Moscow Women's Open 2024 (4.4)}) 12. c4 $146 ({RR} 12. Ne4 Nxe4 13. Qxe4 Nf6 14. Qd3 Bd6 15. Ne5 Nd5 16. Bg3 Qc7 17. a3 O-O 18. c4 Ne7 19. c5 Bxe5 20. Bxe5 Qd7 21. g4 Rad8 22. g5 h5 23. Qf3 Nf5 24. Qxh5 Qd5 25. g6 fxg6 26. Qxg6 Rf7 {1-0 Goss,A (1771)-Putar,L (1651) IRL-ch U19 Dublin 2019 (4)}) ({RR} 12. Qe2 a4 13. a3 Be7 14. Ne5 O-O 15. Rh3 Qa5 16. c4 Rad8 17. Ne4 Nxe4 18. Qxe4 Bd6 19. Rhd3 Bxe5 20. Bxe5 Nxe5 21. Qxe5 Qa6 22. Rg3 Qxc4+ 23. Kb1 g6 24. h5 Qd5 25. Qxd5 Rxd5 26. hxg6 Rfd8 {½-½ Mammadzada,G (2443)-Socko,M (2428) Online Olym KO Stage rapid 2020 (2.3)}) 12... Be7 13. h5 O-O 14. Rhe1 a4 15. Re2 Qa5 16. Ne5 Rfd8 17. Nxf7 Kxf7 18. Qg6+ Kf8 19. Rxe6 a3 20. Nf5 axb2+ 21. Kc2 Qa4+ 22. Kd2 Qb4+ 23. Ke2 Qxc4+ 24. Kf3 Qxe6 25. Qxg7+ Ke8 26. Qh8+ Qg8 27. Ng7+ Kf7 28. Qxh6 Qxg7 0-1

[Event "Olympiad Women 2024"]
[Site "Budapest HUN"]
[Date "2024.09.18"]
[Round "7.46"]
[Board "4"]
[White "Helgadottir, Idunn"]
[Black "Saraci, Ndriqona"]
[Result "1-0"]
[WhiteElo "1837"]
[BlackElo "1656"]
[PlyCount "97"]
[EventDate "2024.09.11"]
[WhiteTeam "Iceland"]
[BlackTeam "Kosovo"]
[WhiteTeamCountry "ISL"]
[BlackTeamCountry "KOS"]

1. e4 c5 2. Nf3 e6 3. d4 cxd4 4. Nxd4 a6 5. c4 Qc7 6. a3 Nc6 7. Be3 Nf6 8. Nc3 Be7 9. Be2 e5 $146 ({RR} 9... O-O 10. O-O d6 11. f4 Bd7 12. Qe1 Na5 13. Rc1 Rac8 14. b4 Nc6 15. Qg3 Qb8 16. Nf3 b5 17. cxb5 axb5 18. e5 Nd5 19. Nxd5 exd5 20. f5 dxe5 21. Bh6 g6 22. fxg6 fxg6 23. Bxf8 Bxf8 24. Ng5 {1-0 Bachini,A-Rivarola,B Atlantida 1960 (5)}) ({RR} 9... O-O 10. O-O d6 11. Rc1 Ne5 12. f3 Bd7 13. Qd2 Rac8 14. Rfd1 Qb8 15. b3 Rfd8 16. h3 Be8 17. f4 Nc6 18. Bf3 Nxd4 19. Bxd4 b5 20. cxb5 axb5 21. Qf2 Bc6 22. e5 dxe5 23. fxe5 Bxf3 24. exf6 {0-1 Cabrera Trujillo,J (2423)-Khamrakulov,I (2597) ESP-ch KO Ceuta 2008 (1.3)}) ({RR} 9... b6 10. Rc1 Bb7 11. f3 h5 12. Nd5 exd5 13. cxd5 Qe5 14. dxc6 dxc6 15. Nxc6 Bxc6 16. Rxc6 O-O 17. Qd4 Qxd4 18. Bxd4 b5 19. Kf2 Rfd8 20. Bb6 Rd2 21. Rb1 h4 22. Be3 Rd6 23. Rxd6 Bxd6 24. g3 {1-0 Kuzmin,R (2274)-Bogaudinov,R (1939) Titled Tue 7th Mar Early 2023 (3)}) ({RR} 9... O-O 10. O-O d6 11. Rc1 Bd7 12. f4 Rac8 13. Bf3 Qb8 14. Nxc6 Bxc6 15. Qe2 b5 16. cxb5 axb5 17. e5 Bxf3 18. Rxf3 dxe5 19. Nxb5 Nd5 20. Rxc8 Rxc8 21. Bd2 exf4 22. Bc3 Bc5+ 23. Kh1 Be3 24. g3 {0-1 Bakali,M-Vizantiadis,L Olympiad-17 Preliminaries G 1966 (6)}) ({RR} 9... O-O 10. O-O Rd8 11. Rc1 b6 12. f3 Bb7 13. Nd5 exd5 14. cxd5 Bc5 15. dxc6 dxc6 16. b4 Bd6 17. h3 c5 18. Qb3 Bh2+ 19. Kh1 Bf4 20. Bxf4 Qxf4 21. Nf5 g6 22. g3 Qc7 23. bxc5 gxf5 24. cxb6 {0-1 Logozar,E (1884)-Cherniaiev,T (2209) Titled Tuesday intern op 18th Jan blitz 2022 (3)}) 10. Nf5 g6 11. Nxe7 Nxe7 12. Bg5 Qb6 13. b4 h6 14. Be3 Qc6 15. f3 d6 16. Rc1 Be6 17. Nd5 Bxd5 18. cxd5 Qd7 19. O-O g5 20. Qd2 Ng6 21. Rc3 Ke7 22. Rfc1 Rhc8 23. Bb6 Rxc3 24. Qxc3 Nf4 25. Bf1 g4 26. g3 Nh3+ 27. Bxh3 gxh3 28. Qe3 Rc8 29. Qxh6 Rxc1+ 30. Qxc1 Qb5 31. Qc7+ Qd7 32. Qxd7+ Kxd7 33. Kf2 Nh7 34. g4 Ng5 35. Be3 Nh7 36. Kg3 Nf6 37. Kxh3 Ne8 38. Bb6 Ke7 39. Kh4 Kf8 40. Kg5 Kg7 41. Bd8 Kh7 42. h4 Kg7 43. Kf5 Kh7 44. Bf6 Nc7 45. Be7 Ne8 46. Bxd6 Nxd6+ 47. Kxe5 Nc4+ 48. Kf6 Kg8 49. Ke7 1-0

[Event "Olympiad Women 2024"]
[Site "Budapest HUN"]
[Date "2024.09.18"]
[Round "7.47"]
[Board "1"]
[White "Paulo, Jemima"]
[Black "Kaslan, Catherine"]
[Result "1-0"]
[WhiteElo "2037"]
[BlackElo "1902"]
[PlyCount "105"]
[EventDate "2024.09.11"]
[WhiteTeam "Angola"]
[BlackTeam "Suriname"]
[WhiteTeamCountry "ANG"]
[BlackTeamCountry "SUR"]

1. d4 Nf6 2. Nf3 e6 3. c4 b6 4. Bg5 Be7 5. Nc3 Bb7 6. e3 d6 7. Bd3 Nbd7 8. O-O h6 9. Bxf6 ({RR} 9. Bh4 g5 10. Bg3 Rg8 11. e4 h5 12. h3 g4 13. hxg4 Nxg4 14. Bf4 h4 15. Nh2 Ngf6 16. Qf3 Nf8 17. Rad1 Ng6 18. Bg5 Nh7 19. Be3 Ng5 20. Bxg5 Bxg5 21. Ne2 Qf6 22. b3 O-O-O 23. Qxf6 Bxf6 {0-1 Yanchenko,R (2466)-Martinez Alcantara,J (2612) Titled Tue 28th May Early 2024 (5)}) 9... Bxf6 10. Rc1 O-O 11. b4 $146 ({RR} 11. Ne4 Be7 12. Ng3 c5 13. Bb1 Re8 14. Qd3 g6 15. Rfd1 Qc7 16. b3 Rad8 17. Qe2 Qb8 18. Rd2 cxd4 19. Nxd4 Nf8 20. Rcd1 d5 21. cxd5 Bxd5 22. Be4 Bxe4 23. Nxe4 Qa8 24. Ng3 e5 25. Nb5 Rxd2 {1-0 Staroszczyk,M (2019)-Krasiewicz,R (2090) Warsaw City-ch 2008 (9)}) 11... c5 12. b5 Qe7 13. Ne4 Rfd8 14. Ng3 g6 15. Be4 d5 16. cxd5 exd5 17. Bb1 a6 18. bxa6 Bxa6 19. Re1 cxd4 20. exd4 Qd6 21. h4 h5 22. Qd2 Bc4 23. Re3 Bg7 24. Rce1 Bf6 25. Qc2 Nf8 26. Ne5 Bxe5 27. Rxe5 Qf6 28. Rg5 Qxd4 29. Nxh5 Qxh4 30. Qd2 Nh7 31. Ree5 Re8 32. g3 Nxg5 33. Nf6+ Kf8 34. Qb4+ Kg7 35. Nxe8+ Rxe8 36. gxh4 Nf3+ 37. Kg2 Nxh4+ 38. Kg3 Rxe5 39. Kxh4 Rh5+ 40. Kg3 Rg5+ 41. Kf4 Rg1 42. Qxb6 Re1 43. a4 Re6 44. Qb2+ Kf8 45. Ba2 Re4+ 46. Kg5 Be2 47. Bxd5 Rg4+ 48. Kf6 Rf4+ 49. Ke5 Rxf2 50. Kd6 Kg8 51. Ke7 Rf5 52. Qb8+ Kh7 53. Bxf7 1-0

[Event "Olympiad Women 2024"]
[Site "Budapest HUN"]
[Date "2024.09.18"]
[Round "7.47"]
[Board "2"]
[White "Kaslan, Victoria"]
[Black "Junior, Ednasia"]
[Result "1/2-1/2"]
[WhiteElo "1726"]
[BlackElo "1888"]
[PlyCount "95"]
[EventDate "2024.09.11"]
[WhiteTeam "Suriname"]
[BlackTeam "Angola"]
[WhiteTeamCountry "SUR"]
[BlackTeamCountry "ANG"]

1. e4 c5 2. Nf3 e6 3. d4 cxd4 4. Nxd4 Nf6 5. Nc3 Nc6 6. Ndb5 d6 7. Bf4 e5 8. Bg5 a6 9. Bxf6 gxf6 10. Na3 b5 11. Nd5 Be6 12. c3 Bxd5 13. exd5 ({RR} 13. Qxd5 Ne7 14. Qd2 Qb6 15. c4 b4 16. c5 Qxc5 17. Rc1 Qa7 18. Nb5 {1-0 Groszpeter,A (2530)-Busu,C (2230) ROM-chT2 Sovata 1997}) ({RR} 13. Qxd5 Ne7 14. Qd2 Qb6 15. Nc2 Rc8 16. a4 bxa4 17. Nb4 a5 18. Nd5 Nxd5 19. Qxd5 Bh6 20. Qb5+ Qxb5 21. Bxb5+ Ke7 22. Rxa4 f5 23. exf5 Rc5 24. Rxa5 Rb8 25. c4 d5 26. Ra7+ Kf6 27. Ra6+ Kg7 {0-1 Alwis,H (1772)-Minsara,S (1662) DINI International 2024 (1.58)}) 13... Na7 14. Qf3 $146 ({RR} 14. Bd3 h5 15. Nc2 Bh6 16. O-O Ke7 17. Qe2 Qg8 18. a4 Qg4 19. f3 Qh4 20. Nd4 Kd8 21. Nf5 Qf4 22. axb5 axb5 23. Nxh6 Qxh6 24. Qf2 {1-0 Tsyvarev,A-Korovin,A RUS-Cup01 Chigorin Memorial 1997 (9)}) ({RR} 14. Bd3 Rg8 15. Qf3 h5 16. h4 Bh6 17. Qxh5 Rh8 18. Qf3 Ke7 19. Nc2 Qc7 20. Bf5 Rag8 21. Bh3 Nc8 22. Nb4 Na7 23. Nxa6 Qc4 24. g3 Re8 25. Nb4 Rhg8 26. Qf5 e4 27. Bf1 Qc7 28. Be2 e3 {½-½ Skwarek,H-Wroblewski,S (1847) Warsaw Najdorf Memorial op-B 2010 (5)}) ({RR} 14. Bd3 Qa5 15. Nc2 Nc8 16. a4 bxa4 17. Ne3 f5 18. Rxa4 Qc5 19. Rc4 Qa5 20. Bxf5 Ne7 21. Bc2 Bh6 22. Ba4+ Kf8 23. b4 Qb6 24. Ng4 Bg7 25. Qf3 f5 26. Bd7 e4 27. Qf4 h5 28. Bxf5 Ke8 {1-0 Nowicki,B (2173)-Piotrowski,A (1971) Warsaw-ch opA 66th 2013 (3)}) 14... Nc8 15. Nc2 Bg7 16. a4 Rb8 17. axb5 axb5 18. Nb4 Ne7 19. Bd3 O-O 20. h4 Qc8 21. Nc6 Nxc6 22. dxc6 Re8 23. O-O Qe6 24. c7 Rbc8 25. Bf5 Qc4 26. Bxc8 Rxc8 27. Ra8 Qxc7 28. Rfa1 Rf8 29. Rxf8+ Bxf8 30. Qxf6 Qb7 31. Qg5+ Kh8 32. Re1 Be7 33. Qh6 Qd5 34. Re3 Qd1+ 35. Kh2 Qg4 36. Rf3 f5 37. Qe6 Qxh4+ 38. Rh3 Qf4+ 39. Rg3 Bg5 40. Qxd6 h6 41. Qb8+ Kh7 42. Qe8 e4 43. Qxb5 Qxf2 44. Qe8 Qf4 45. Qf7+ Kh8 46. Qf8+ Kh7 47. Qf7+ Kh8 48. Qf8+ 1/2-1/2

[Event "Olympiad Women 2024"]
[Site "Budapest HUN"]
[Date "2024.09.18"]
[Round "7.47"]
[Board "3"]
[White "Pires, Luzia"]
[Black "Wu, Elise"]
[Result "1-0"]
[WhiteElo "1877"]
[BlackElo "1595"]
[PlyCount "143"]
[EventDate "2024.09.11"]
[WhiteTeam "Angola"]
[BlackTeam "Suriname"]
[WhiteTeamCountry "ANG"]
[BlackTeamCountry "SUR"]

1. d4 Nf6 2. Nf3 e6 3. e3 b6 4. Bd3 Bb7 5. Nbd2 c5 6. O-O Be7 7. b3 O-O ({RR} 7... d6 8. Bb2 Nbd7 9. Qe2 a6 10. a4 Qc7 11. c4 O-O 12. Rad1 Rfe8 13. e4 cxd4 14. Nxd4 Bf8 15. f4 e5 16. fxe5 dxe5 17. Nf5 Rad8 18. Ne3 Bc5 19. Kh1 Bxe3 20. Qxe3 Nc5 21. Bc2 Qc6 22. Nf3 {½-½ Petakov,U (2327)-Kosic,D (2538) Novi Sad Turbo 2nd 2009 (1)}) 8. Bb2 Qc7 9. Rc1 $146 ({RR} 9. c4 d6 10. Qe2 a6 11. Rad1 Nbd7 12. Rfe1 Rac8 13. Bb1 Qb8 14. h3 Qa8 15. Nf1 Rfe8 16. Ng3 Nf8 17. d5 exd5 18. Nf5 N8d7 19. Nxe7+ Rxe7 20. Nh4 d4 21. Qd3 Be4 22. Qd2 Bxb1 23. Rxb1 dxe3 {0-1 Yelisieiev,Y (2403)-Kushch,N (2334) Titled Tue 7th May Early 2024 (8)}) ({RR} 9. Qe2 d6 10. Rac1 Nbd7 11. Rfd1 Rfe8 12. c4 a6 13. Bb1 Rac8 14. Ng5 Nf8 15. dxc5 Qxc5 16. Nge4 Nxe4 17. Bxe4 Qc7 18. Qf3 Bxe4 19. Nxe4 Ng6 20. Qh5 Qb8 21. Ng5 Bxg5 22. Qxg5 b5 23. cxb5 axb5 {½-½ Kovacevic,S (2107)-Vernacki,S (2364) Osijek-ch op 2014 (5)}) ({RR} 9. c4 cxd4 10. exd4 d6 11. Rc1 Nbd7 12. Qe2 Rfe8 13. Rfe1 Rad8 14. Ng5 Bf8 15. Rc3 e5 16. d5 h6 17. Nge4 Bc8 18. Rcc1 g6 19. Nc3 Nh5 20. g3 Ndf6 21. Nde4 Nh7 22. Nb5 Qb8 23. Nd2 a6 {0-1 Andersen,S (2082)-Christensen,T (2252) DEN-chT 0910 48th 2009 (1.5)}) 9... Nc6 10. a3 cxd4 11. exd4 Rac8 12. c4 d5 13. Re1 Bd6 14. Ne5 Qe7 15. Nb1 Rfd8 16. Qe2 Na5 17. Qc2 h6 18. Re3 Rc7 19. Nc3 a6 20. Na4 Bxa3 21. Nxb6 Bxb2 22. Qxb2 Qb4 23. c5 Nc6 24. Nxc6 Rxc6 25. Ra1 Rxb6 26. cxb6 Qxb6 27. Re2 Rd7 28. Rc2 Ne4 29. Rac1 Nd6 30. Qc3 Ne4 31. Qb2 Nd6 32. h3 Ne4 33. Ra1 Rd8 34. b4 Nd6 35. Rc5 Rd7 36. Rca5 Nc4 37. Bxc4 dxc4 38. Rc5 Bd5 39. Qa3 Rb7 40. Rb1 Kh7 41. Qa5 Qd6 42. Ra1 Rb6 43. b5 axb5 44. Rxb5 Rxb5 45. Qxb5 Qf4 46. Qb1+ Kg8 47. Qd1 Qe4 48. Qg4 Qc2 49. Qf4 Qg6 50. f3 Qd3 51. Ra7 Qg6 52. Rc7 Qf6 53. Qxf6 gxf6 54. Kf2 f5 55. Ke3 Kg7 56. Kf4 Kg6 57. Ke5 Kg7 58. Rc8 Kg6 59. f4 Kg7 60. g3 h5 61. h4 Kg6 62. Kd6 Kf6 63. Kd7 Kg7 64. Ke7 Kg6 65. Rg8+ Kh7 66. Rf8 c3 67. Rc8 Kg7 68. Rxc3 Kg6 69. Rc8 Kg7 70. Rf8 e5 71. fxe5 Be6 72. Rd8 1-0

[Event "Olympiad Women 2024"]
[Site "Budapest HUN"]
[Date "2024.09.18"]
[Round "7.47"]
[Board "4"]
[White "Tjong Tjin Joe, Maylee"]
[Black "Felicidade, Felicia"]
[Result "1-0"]
[WhiteElo "1665"]
[BlackElo "1742"]
[PlyCount "133"]
[EventDate "2024.09.11"]
[WhiteTeam "Suriname"]
[BlackTeam "Angola"]
[WhiteTeamCountry "SUR"]
[BlackTeamCountry "ANG"]

1. e4 e6 2. d4 d5 3. Nd2 c5 4. Ngf3 Nc6 5. Bb5 a6 6. Bxc6+ bxc6 7. O-O Nf6 8. Re1 cxd4 9. Nxd4 c5 10. N4f3 Be7 11. e5 Nd7 12. c4 ({RR} 12. Nf1 Bb7 13. c3 g5 14. h3 h5 15. Ng3 g4 16. hxg4 hxg4 17. Nh2 Qc7 18. Bf4 O-O-O 19. Qd2 Rh4 20. Bg5 Bxg5 21. Qxg5 Rhh8 22. Qe7 Rhg8 23. b4 Nb6 24. Qxc5 Qxc5 25. bxc5 Na4 26. Ne2 Nxc5 {0-1 Csonka,A (2297)-Kaczur,F (2504) TCh-HUN 2023-24 (4.6)}) 12... O-O 13. Qe2 $146 ({RR} 13. cxd5 exd5 14. Nf1 Nb6 15. Ng3 Be6 16. h3 Qd7 17. Bg5 Bxg5 18. Nxg5 h6 19. Nf3 Rfc8 20. b3 a5 21. Nh4 a4 22. f4 d4 23. f5 Bd5 24. Nh5 Qd8 25. f6 g6 26. Qg4 Be6 27. Qg3 Kh7 {1-0 Shirazi,K-Davis,L US Open-82 Palo Alto 1981 (5)}) ({RR} 13. Qc2 Nb6 14. b3 Bb7 15. Ba3 Rc8 16. Rad1 Qc7 17. h4 h6 18. cxd5 exd5 19. e6 d4 20. Qf5 Bd5 21. exf7+ Rxf7 22. Qh5 Rcf8 23. Re5 Qc6 24. Rc1 Bd6 25. Nxd4 Rxf2 26. N2f3 Qd7 27. Kxf2 Bxe5 {1-0 Fedoseev,V (2687)-Bluebaum,M (2670) EU-Cup Online Final rapid 2021 (6.1)}) ({RR} 13. cxd5 exd5 14. Nf1 Nb6 15. Ng3 Be6 16. Nh5 d4 17. h3 d3 18. Qd2 Nc4 19. Qf4 d2 20. Nxd2 Bg5 21. Qg3 Nxd2 22. Bxd2 Qxd2 23. Rad1 Qc2 24. Qxg5 Qg6 25. Qh4 h6 26. f4 Qc2 27. Rd6 Rab8 {1-0 Yudin,S (2484)-Dubnikova,A (2154) Cheliabinsk Variant Gp-A 2021 (2)}) 13... Nb6 14. b3 a5 15. a4 Ba6 16. Bb2 Qd7 17. Qd3 Rfd8 18. Qc2 d4 19. Ne4 h6 20. Qd2 Qc7 21. Rad1 Nd7 22. Qf4 f6 23. Ned2 Bc8 24. Ba3 Rf8 25. Qg3 fxe5 26. Nxe5 Nxe5 27. Qxe5 Bd6 28. Qh5 e5 29. Ne4 Rf5 30. Qg6 Bf8 31. Rd3 Ra6 32. Qg3 Bb7 33. Bc1 Bxe4 34. Rxe4 Raf6 35. f3 Qb8 36. Bd2 Qc7 37. Rh4 Kh8 38. Qe1 Ra6 39. Re4 Be7 40. g4 Rf8 41. Rxe5 Bd6 42. Rh5 Raa8 43. g5 Bf4 44. gxh6 gxh6 45. Bxf4 Qxf4 46. Qe5+ Qxe5 47. Rxe5 Rfc8 48. f4 Ra6 49. Kf2 Kg7 50. Rh3 Rc7 51. Kf3 Kf7 52. Rhh5 Rac6 53. Ke4 Re7 54. Rxe7+ Kxe7 55. Kd3 Kf7 56. Re5 Kf8 57. f5 Kf7 58. Rd5 Ke7 59. Ke4 Ke8 60. Ke5 Ke7 61. f6+ Rxf6 62. Rxc5 Re6+ 63. Kxd4 Rb6 64. Rb5 Ra6 65. c5 Kd7 66. Kd5 Kc7 67. h3 1-0

[Event "Olympiad Women 2024"]
[Site "Budapest HUN"]
[Date "2024.09.18"]
[Round "7.48"]
[Board "1"]
[White "Monroy G., Nataly A."]
[Black "Chen, Chi"]
[Result "1-0"]
[WhiteElo "1939"]
[BlackElo "1746"]
[PlyCount "111"]
[EventDate "2024.09.11"]
[WhiteTeam "Bolivia"]
[BlackTeam "Chinese Taipei"]
[WhiteTeamCountry "BOL"]

1. d4 Nf6 2. Nf3 d5 3. g3 Bf5 4. Bg2 e6 5. O-O Nbd7 6. c4 c6 7. Nfd2 Be7 8. Nc3 O-O 9. e4 dxe4 10. Ndxe4 Nxe4 11. Nxe4 Nf6 12. Re1 ({RR} 12. Nc3 Qa5 13. h3 Rad8 14. Be3 b5 15. cxb5 cxb5 16. a3 h6 17. Qb3 a6 18. Rfd1 Rd7 19. g4 Bg6 20. d5 e5 21. Rac1 Rfd8 22. Na2 Be4 23. Bxe4 Nxe4 24. Nb4 Bxb4 25. axb4 Qa4 26. Qxa4 bxa4 {0-1 Vantika,A (2398)-Pakleza,Z (2482) Titled Tue 19th Mar Early 2024 (10)}) 12... Nxe4 13. Bxe4 Bxe4 14. Rxe4 Qb6 $146 ({RR} 14... Bf6 15. h4 Qd7 16. Bg5 Bxg5 17. hxg5 Rad8 18. Qh5 f6 19. Rae1 Rde8 20. gxf6 Rxf6 21. d5 cxd5 22. cxd5 g6 23. Qe5 Rf5 24. dxe6 Qd2 25. Qd4 Qxd4 26. Rxd4 Rf6 27. e7 Kf7 28. Rd7 Rb6 29. b3 {1-0 Krzywda,A (2152)-Nastore,P (2306) Titled Tuesday intern op 25th Jan blitz 2022 (11)}) ({RR} 14... Qd7 15. Be3 f5 16. Re5 Bd6 17. Ra5 Qc7 18. Bd2 b6 19. Ra4 Rf6 20. d5 f4 21. g4 f3 22. h3 Bc5 23. Kh1 Bxf2 24. Qf1 Bh4 25. Ra3 exd5 26. cxd5 cxd5 27. Rxf3 Raf8 28. Rxf6 Rxf6 29. Qg1 {0-1 Serafim Junior,A (1832)-De Freitas,J (1878) Pan American-ch Seniors 50 2014 (7)}) ({RR} 14... Bf6 15. Be3 Qa5 16. Qb3 b5 17. cxb5 cxb5 18. d5 exd5 19. Qxd5 Bxb2 20. Rb1 Rad8 21. Qb3 Bf6 22. Qxb5 Qxa2 23. Ra4 Qd5 24. Qxd5 Rxd5 25. Rxa7 {½-½ Batsuren,D (2481)-Batchuluun,T (2534) Ulaanbaatar Chess Day 2020 (3)}) 15. Qc2 Bf6 16. Be3 Rfd8 17. Rd1 Rd7 18. b3 Qa5 19. c5 Rd5 20. Rd2 Rad8 21. Qc4 g6 22. b4 Qa6 23. Qxa6 bxa6 24. f4 Bg7 25. Bf2 h5 26. Kg2 Kf8 27. h3 Ke7 28. a3 Bf6 29. g4 hxg4 30. hxg4 Rh8 31. g5 Bg7 32. Re1 Rdd8 33. Rd3 Kd7 34. a4 Kc7 35. Rb1 Rh5 36. b5 axb5 37. axb5 cxb5 38. Rxb5 Rdh8 39. Ra5 Rh2+ 40. Kf3 Ra8 41. Bg3 Rc2 42. f5+ Kd7 43. f6 Bxf6 44. gxf6 Rb2 45. Ra6 Rb5 46. Rda3 Kc8 47. Rxa7 Rb3+ 48. Rxb3 Rxa7 49. c6 Ra8 50. Rb7 Kd8 51. Rxf7 Ke8 52. Rh7 Ra3+ 53. Kg4 Ra4 54. f7+ Ke7 55. Bd6+ Kxd6 56. f8=Q+ 1-0

[Event "Olympiad Women 2024"]
[Site "Budapest HUN"]
[Date "2024.09.18"]
[Round "7.48"]
[Board "2"]
[White "Shih, Ching-An"]
[Black "Yepez Montenegro, Gloria Luz"]
[Result "0-1"]
[WhiteElo "1734"]
[BlackElo "1818"]
[PlyCount "110"]
[EventDate "2024.09.11"]
[WhiteTeam "Chinese Taipei"]
[BlackTeam "Bolivia"]
[BlackTeamCountry "BOL"]

1. c4 e6 2. Nf3 d5 3. d4 Nf6 4. e3 c6 5. Nbd2 Bd6 6. Be2 Nbd7 7. O-O O-O 8. b3 e5 9. dxe5 Nxe5 10. Bb2 Qe7 11. cxd5 Nxd5 12. Nc4 Nxc4 13. Bxc4 Nf6 14. h3 $146 ({RR} 14. Qc2 Bg4 15. Nd4 Qe5 16. g3 Qh5 17. h4 c5 18. Ne2 Bh3 19. Nf4 Bxf4 20. Be2 Qd5 21. e4 Qxe4 22. Qxe4 Nxe4 23. gxf4 Bxf1 24. Kxf1 Rad8 25. Bc1 Nc3 26. Bf3 b6 27. Bb2 Rd3 28. Kg2 Rfd8 {0-1 Floegel,T (1695)-Dupke,A (1748) Mecklenburg VP LL2 Ost 1819 2018 (1.3)}) 14... Bf5 15. Qe2 Rad8 16. Rfd1 Rd7 17. Nh4 Be4 18. Bd3 Bxd3 19. Rxd3 Qe6 20. Rad1 Rfd8 21. Nf3 Bc7 22. Rxd7 Rxd7 23. Rxd7 Nxd7 24. Qd3 Qd6 25. Qd4 Qxd4 26. Bxd4 c5 27. Bc3 f6 28. Kf1 Kf7 29. Ke2 Ke6 30. Kd3 b5 31. a3 Nb6 32. Nd2 Nd7 33. Nf3 a6 34. g3 Bd6 35. Bb2 Nb6 36. Nd2 a5 37. f4 a4 38. bxa4 Nxa4 39. Bc1 c4+ 40. Kc2 Kd5 41. Nf3 Bc5 42. g4 g6 43. h4 Ke4 44. Nd2+ Kxe3 45. Nxc4+ Kf3 46. Na5 Kxg4 47. Nb3 Bb6 48. Nd2 f5 49. Kd3 Kxh4 50. Nf3+ Kg3 51. Ne5 h5 52. Nxg6 h4 53. Ne7 h3 54. Nxf5+ Kg2 55. Nh4+ Kf2 0-1

[Event "Olympiad Women 2024"]
[Site "Budapest HUN"]
[Date "2024.09.18"]
[Round "7.48"]
[Board "3"]
[White "Gareca Ordonez, Carla Angelica"]
[Black "Chen, I-Chen"]
[Result "1-0"]
[WhiteElo "1778"]
[BlackElo "1771"]
[PlyCount "79"]
[EventDate "2024.09.11"]
[WhiteTeam "Bolivia"]
[BlackTeam "Chinese Taipei"]
[WhiteTeamCountry "BOL"]

1. Nf3 d5 2. g3 e6 3. Bg2 Nf6 4. d3 c5 5. Nbd2 Nc6 6. e4 dxe4 7. dxe4 e5 8. O-O Be7 9. c3 O-O 10. Qc2 Bd7 $146 ({RR} 10... h6 11. Nc4 Be6 12. Nfxe5 Qe8 13. Nxc6 Bxc4 14. Nxe7+ Qxe7 15. Re1 Rad8 16. e5 Rfe8 17. Bd2 Nh7 18. Rad1 Qe6 19. Be4 Nf8 20. b3 Bd5 21. c4 Bxe4 22. Qxe4 Rd4 23. Qf3 Red8 24. Bc3 R4d7 25. Kg2 {1-0 Englund,F-Langborg,H Nordic Congress-05 1912 (8)}) ({RR} 10... h6 11. Nc4 Qc7 12. Ne3 Be6 13. Nf5 Rfd8 14. Nxe7+ Qxe7 15. Qe2 b6 16. Nd2 Qd7 17. f4 Qd3 18. Qxd3 Rxd3 19. Nf3 Rad8 20. Ne1 Rd1 21. Bf3 Bh3 22. Bxd1 Rxd1 23. Ng2 Rd3 24. Re1 Na5 25. fxe5 {1-0 Sick,O (2350)-Schulenburg,P (2300) Oberliga NRW 9697 II 1996 (8.1)}) ({RR} 10... b5 11. b3 Qc7 12. Bb2 a5 13. h3 Ba6 14. Rfd1 a4 15. Nf1 Qa5 16. Ne3 a3 17. Bc1 b4 18. c4 Rad8 19. Nd5 Nxd5 20. exd5 Nd4 21. Nxd4 exd4 22. Re1 Bf6 23. Qd3 Bc8 24. Bf4 Qb6 25. g4 {0-1 Sezdbekov,R (1678)-Davletbakov,S (2234) KGZ-ch Bishkek 2013 (9)}) ({RR} 10... Qc7 11. Nc4 Bg4 12. Ne3 Rad8 13. Nxg4 Nxg4 14. h3 Nf6 15. Nh4 Ne8 16. Nf5 Bf6 17. Re1 g6 18. Ne3 Ne7 19. a4 Bg7 20. a5 Nd6 21. Ng4 Nc6 22. a6 b6 23. f4 f6 24. Qe2 Qe7 25. Ne3 {1-0 Gromek,J-Blaszczak,C POL-ch Wroclaw 1955 (7)}) ({RR} 10... Qc7 11. Nc4 Ng4 12. h3 Be6 13. Qe2 Nf6 14. Ng5 Bxc4 15. Qxc4 Rad8 16. Nf3 Rd7 17. Ne1 Na5 18. Qe2 c4 19. Nc2 Bc5 20. Bg5 Ne8 21. Nb4 Bxb4 22. cxb4 Nc6 23. Qxc4 Rd4 24. Qc3 Nxb4 25. Rfc1 {1-0 Kozma,J-Nun,J CSR-ch33 Brno 1964 (1)}) 11. Nc4 Qc7 12. Ne3 Bd6 13. Rd1 Rad8 14. Nd5 Nxd5 15. exd5 Ne7 16. Nh4 f5 17. Bg5 Rde8 18. Re1 Qc8 19. Rad1 Rf7 20. Bf3 g6 21. c4 Qc7 22. Bg2 Kg7 23. Bd2 Kg8 24. Bh6 Nc8 25. Nf3 Bf8 26. d6 Bxd6 27. Ng5 Rf6 28. Bd5+ Be6 29. Nxe6 Rfxe6 30. Qd2 Kh8 31. Bxe6 Rxe6 32. Qd5 Qe7 33. Bg5 Qe8 34. Qxb7 Kg8 35. Rd2 Qf8 36. Red1 Be7 37. Qd7 Rd6 38. Rxd6 Bxd6 39. Qe6+ Qf7 40. Qxc8+ 1-0

[Event "Olympiad Women 2024"]
[Site "Budapest HUN"]
[Date "2024.09.18"]
[Round "7.48"]
[Board "4"]
[White "Tsai, Sophie Yi-Hsuan"]
[Black "Molina, Jessica"]
[Result "0-1"]
[WhiteElo "1668"]
[BlackElo "1945"]
[PlyCount "118"]
[EventDate "2024.09.11"]
[WhiteTeam "Chinese Taipei"]
[BlackTeam "Bolivia"]
[BlackTeamCountry "BOL"]

1. e4 c6 2. d4 d5 3. exd5 cxd5 4. Bd3 Nc6 5. c3 Nf6 6. Bf4 g6 7. Qc2 Bg7 8. Nd2 Bd7 9. Ngf3 O-O 10. O-O Rc8 11. a3 $146 ({RR} 11. Qb1 Na5 12. Ne5 Be8 13. h3 Nd7 14. Ndf3 Nc4 15. Qc2 Ncxe5 16. dxe5 Nc5 17. Rfd1 Ba4 18. b3 Bd7 19. Nd4 Nxd3 20. Rxd3 b5 21. Qd2 Re8 22. Re1 Qb6 23. b4 e6 24. Bh6 Bh8 25. Qf4 Qc7 {1-0 Stanford,S (2123)-Schmidt,F (1947) Reykjavik Open 2024 (3.115)}) 11... Nh5 12. Be3 Qc7 13. Rae1 a6 14. h3 Rfe8 15. Nb3 Nf4 16. Bxf4 Qxf4 17. Re3 e5 18. Nxe5 Nxe5 19. dxe5 Bxe5 20. g3 Qf6 21. Qe2 Bb8 22. Kg2 Rxe3 23. fxe3 Qe6 24. Rh1 Re8 25. Kf2 Qe5 26. Qf3 Re6 27. Ke2 Rf6 28. Qg2 Qxg3 29. Qxg3 Bxg3 30. Nc5 Rf2+ 31. Kd1 Bc6 32. Rg1 Bh2 33. Rg4 Rxb2 34. Kc1 Ra2 35. a4 Bd6 36. Nb3 h5 37. Rg5 Rxa4 38. Nd4 Be7 39. Rg2 Ra1+ 40. Kb2 Rh1 41. Nf5 Kf8 42. Nd4 Rxh3 43. Rf2 Kg7 44. Rg2 h4 45. Bf1 Rg3 46. Rxg3 hxg3 47. Kc2 Bc5 48. Ne2 Bxe3 49. Nxg3 f5 50. Bd3 f4 51. Nf1 Ba4+ 52. Kb2 g5 53. Bf5 Bb5 54. Nh2 Be2 55. Bc8 b5 56. Kc2 a5 57. Be6 d4 58. cxd4 Bxd4 59. Bd7 Bg1 0-1